000 00715nam a22002297a 4500
005 20250210170321.0
008 250210b |||||||| |||| 00| 0 eng d
020 _a9781108400893
037 _cLCT
040 _aLCT
_cLCT
041 _aeng
084 _aZ1,2437 Q7
100 _aSeuba, Xavier
_9734988
245 _aGlobal regime for the enforcement of intellectual property rights/
260 _aNew York
_bCambridge University press
_c2017
300 _axxv, 470p.
650 _aProperty Rights
_9703203
650 _aCriminal enforcement
_9734989
650 _aIntellectual property
_9583124
650 _aPrivate enforcement
_9734990
942 _2CC
_cTB
_hZ1,2437 Q7
_n0
999 _c1238388
_d1238388